| 000 | 00646nam a2200217 4500 | ||
|---|---|---|---|
| 001 | 140266 | ||
| 003 | ES-MaACL | ||
| 005 | 20230906200038.0 | ||
| 007 | t| | ||
| 008 | 070214s1955 sp r ||||1| spa d | ||
| 100 | 1 |
_aSchumann, Robert. _9104812 |
|
| 245 | 1 | 0 |
_aSchumann por él mismo / _cRobert Schumann ; traducción y adaptación de José María Borrás. |
| 250 | _a2ª. ed. | ||
| 260 |
_aBarcelona : _bAve, _c1955. |
||
| 300 |
_a230 p., 6 lám. ; _c16 cm. |
||
| 490 | 1 | _aCol. Mozart | |
| 700 | 1 |
_aBorrás i Codina, Josep M. _930565 |
|
| 830 | 0 |
_aCol. Mozart _9220312 |
|
| 852 |
_aES-MaACL _jC-10121 _bR.37989 |
||
| 999 |
_c140266 _d140266 |
||